| 000 | 00709 a2200205 4500 | ||
|---|---|---|---|
| 010 | _aENG-85880 | ||
| 020 |
_a8131301257 _c695.00 |
||
| 035 | _aEN-69413 | ||
| 037 | _bD.B.Act / Pub | ||
| 082 | 1 | 4 | _a341.762 |
| 090 |
_c3610 _d3610 |
||
| 100 | 1 | 4 | _aBhatt, S. |
| 245 | 1 |
_aInternational environmental law _cby S. Bhatt |
|
| 260 |
_aNew Delhi _bAPH Publishing Corporatioon _c2007 |
||
| 270 |
_a5, Ansari Road, Darya Ganj _bNew Delhi _e110 002 _k011- 23274050 _maphbooks@vsnl.net |
||
| 300 |
_axiii, 288 p. _b22 cm ( Hb.) |
||
| 500 | _aIncludes bibliographical refrence and index | ||
| 942 |
_adpl _cEN _k341.762 / BHA |
||
| 999 |
_c3539 _d3539 |
||